|
|
|
|
| LEADER |
01431nam a2200253 a 4500 |
| 001 |
GR-Patra30635 |
| 003 |
GR-PaULI |
| 005 |
20230505100031.0 |
| 008 |
050908s1997 gr e b 000 0 gre d |
| 952 |
|
|
|0 0
|1 0
|2 ddc
|4 0
|6 302_230000000000000_949_5_ΧΑΙ
|7 0
|9 312394
|a LISP
|b LISP
|c BSC
|d 2021-01-17
|e 24
|f
|g 0.00
|i 48971
|l 0
|o 302.230 949 5 ΧΑΙ
|p 025000300552
|r 2021-01-17 00:00:00
|t 1
|v 2021.00
|w 2021-01-17
|y BK15
|e
|x
|x GrPaTEI
|
| 999 |
|
|
|c 179154
|d 179154
|
| 040 |
|
|
|a GR-PaULI
|b gre
|c GR-PaULI
|e AACR2
|
| 082 |
0 |
4 |
|a 302.230 949 5
|2 23
|
| 100 |
1 |
|
|a Χαιρετάκης, Μανώλης
|9 103714
|e συγγραφέας.
|
| 245 |
1 |
3 |
|a Οι τάσεις των Μ.Μ.Ε. στην Ελλάδα :
|b μια κατ' εξοχήν ποσοτική αποτύπωση /
|c Μανώλης Χαιρετάκης.
|
| 260 |
|
|
|a Αθήνα :
|b Ινστιτούτο Οπτικοακουστικών Μέσων,
|c 1997.
|
| 300 |
|
|
|a 46 σ. :
|b εικ. ;
|c 29 εκ.
|
| 490 |
1 |
|
|a Τετράδια επικοινωνίας
|
| 504 |
|
|
|a Περιλαμβάνει βιβλιογραφικές αναφορές.
|
| 650 |
|
4 |
|a Μέσα μαζικής ενημέρωσης
|x
|9 147561
|z Ελλάδα.
|
| 710 |
2 |
|
|a Ινστιτούτο Οπτικοακουστικών Μέσων
|9 197662
|
| 830 |
|
0 |
|a Τετράδια επικοινωνίας (Ινστιτούτο Οπτικοακουστικών Μέσων)
|9 197728
|v 1
|
| 942 |
|
|
|2 ddc
|c BK
|
| 998 |
|
|
|c ΜΠΟΥΡΑΣ
|d 2023-05
|